| 000 | 00795nam a22002657i 4500 | ||
|---|---|---|---|
| 003 | URS | ||
| 005 | 20251001091325.0 | ||
| 008 | 180628s1980 ph ||||| |||| 00| 0 eng d | ||
| 020 | _a9712333388 | ||
| 040 |
_aDLAW _erda _curs _beng |
||
| 041 | _aeng | ||
| 042 | _aDMLUC | ||
| 050 | 1 | 4 |
_aKF5616.9 C75 1980 _b.D3778 2002 |
| 100 | 1 |
_aDe Leon, Hector S. _4author |
|
| 245 | 1 | 4 |
_aThe corporation code of the Philippines annotated / _cby Hector S. De Leon. |
| 250 | _a2002 edition | ||
| 264 | 1 |
_aManila : _bRex Book Store, _c[date of publication not identified]. |
|
| 264 | 4 | _ccopyright 2002 | |
| 300 |
_axxii, 1034 pages ; _c24 cm |
||
| 336 |
_2rdacontent _atext |
||
| 337 |
_2rdamedia _aunmediated |
||
| 338 |
_2rdacarrier _avolume |
||
| 650 | 0 |
_aCorporation law _zPhilippines |
|
| 942 |
_2lcc _cR |
||
| 999 |
_c72607 _d72606 |
||